000 00617cam a2200181 a 4500
001 000002611
005 20200929150225.0
008 781115s1982 mx b 001 f spa
040 _aDO-SdBNP
_bspa
_cBNPHU
082 _a823
_bT255f
245 0 3 _aLa técnica del fluir de la conciencia en la novela moderna /
_ceditor, Erwin R. Steinberg ; traductor, Elise Moreno.
260 _aMéxico :
_bNoema,
_c1982.
300 _a176 p. ;
_c21 cm.
650 4 _aNovela inglesa
_xHistoria y crítica
_98230
650 4 _aLiteratura inglesa
_9498
700 1 _aSteinberg, Erwin Ray,
_eed.
_98231
700 1 _aMoreno, Elise,
_etr.
_98232
999 _c2447
_d2447